Sports Quiz

Random Sports or Basketball Quiz

Big 12 Basketball Coaches - Last 20 Years Quiz Stats

Quiz not verified by Sporcle

Challenge
Share
Tweet
Embed
Score 0/226 Timer 20:00
0 Plays Today
Year Coach % Correct
2013Bill Self
98.4%
2012Bill Self
98.2%
2014Bill Self
98.1%
2015Bill Self
97.8%
2016Bill Self
97.4%
2003Bill Self
97.4%
2004Bill Self
97.4%
2005Bill Self
97.4%
2006Bill Self
97.4%
2007Bill Self
97.4%
2008Bill Self
97.4%
2009Bill Self
97.4%
2010Bill Self
97.4%
2011Bill Self
97.4%
2017Bill Self
96.9%
2017Bob Huggins
96.9%
2013Bob Huggins
95.9%
2014Bob Huggins
95.6%
2012Bob Huggins
95.5%
2016Bob Huggins
95.3%
2015Bob Huggins
95%
2012Rick Barnes
94.3%
2017Scott Drew
93.9%
1998Roy Williams
93.2%
1999Roy Williams
93.2%
2000Roy Williams
93.2%
2001Roy Williams
93.2%
2002Roy Williams
93.2%
2017Shaka Smart
93.1%
2013Rick Barnes
93%
1998Rick Barnes
92.9%
1999Rick Barnes
92.9%
2000Rick Barnes
92.9%
2001Rick Barnes
92.9%
2002Rick Barnes
92.9%
2003Rick Barnes
92.9%
2004Rick Barnes
92.9%
2005Rick Barnes
92.9%
2006Rick Barnes
92.9%
2007Rick Barnes
92.9%
2008Rick Barnes
92.9%
2009Rick Barnes
92.9%
2010Rick Barnes
92.9%
2011Rick Barnes
92.9%
2014Rick Barnes
92.8%
2013Scott Drew
92.7%
2012Scott Drew
92.5%
2017Lon Kruger
92.4%
2014Scott Drew
92.2%
2015Scott Drew
92.1%
2015Lon Kruger
91.8%
2016Scott Drew
91.5%
2016Lon Kruger
91%
2014Lon Kruger
91%
2014Tubby Smith
91%
2015Tubby Smith
90.7%
2016Shaka Smart
90.6%
2001Bob Knight
90%
2002Bob Knight
90%
2003Bob Knight
90%
2004Bob Knight
90%
2005Bob Knight
90%
2006Bob Knight
90%
2007Bob Knight
90%
2008Pat Knight
90%
2009Pat Knight
90%
2010Pat Knight
90%
2013Tubby Smith
89.7%
2012Lon Kruger
89.5%
2013Lon Kruger
89.4%
2012Fred Hoiberg
88.9%
2015Shaka Smart
88.9%
2017Bruce Weber
88.5%
2014Fred Hoiberg
88.5%
2013Fred Hoiberg
88.1%
2012Travis Ford
87.5%
Year Coach % Correct
2003Scott Drew
87.1%
2004Scott Drew
87.1%
2005Scott Drew
87.1%
2006Scott Drew
87.1%
2007Scott Drew
87.1%
2008Scott Drew
87.1%
2009Scott Drew
87.1%
2010Scott Drew
87.1%
2011Scott Drew
87.1%
2012Bruce Weber
86.8%
2013Bruce Weber
86.7%
2015Bruce Weber
86.4%
2016Bruce Weber
86.3%
2014Bruce Weber
86.3%
2017Jamie Dixon
86.3%
1998Eddie Sutton
86.1%
1999Eddie Sutton
86.1%
2000Eddie Sutton
86.1%
2001Eddie Sutton
86.1%
2002Eddie Sutton
86.1%
2003Eddie Sutton
86.1%
2004Eddie Sutton
86.1%
2005Eddie Sutton
86.1%
2006Sean Sutton
86.1%
2007Sean Sutton
86.1%
2006Bob Huggins
85.4%
2013Travis Ford
84.8%
2015Travis Ford
84.6%
2014Travis Ford
84.4%
2007Frank Martin
84.3%
2008Frank Martin
84.3%
2009Frank Martin
84.3%
2010Frank Martin
84.3%
2011Frank Martin
84.3%
1998Kelvin Sampson
82.4%
1999Kelvin Sampson
82.4%
2000Kelvin Sampson
82.4%
2001Kelvin Sampson
82.4%
2002Kelvin Sampson
82.4%
2003Kelvin Sampson
82.4%
2004Kelvin Sampson
82.4%
2005Kelvin Sampson
82.4%
2016Jamie Dixon
81.2%
2006Mike Anderson
78.9%
2007Mike Anderson
78.9%
2008Mike Anderson
78.9%
2009Mike Anderson
78.9%
2010Mike Anderson
78.9%
2006Jeff Capel III
77.4%
2007Jeff Capel III
77.4%
2008Jeff Capel III
77.4%
2009Jeff Capel III
77.4%
2010Jeff Capel III
77.4%
1999Quin Snyder
76.9%
2000Quin Snyder
76.9%
2001Quin Snyder
76.9%
2002Quin Snyder
76.9%
2003Quin Snyder
76.9%
2004Quin Snyder
76.9%
2005Quin Snyder
76.9%
2012Trent Johnson
76.5%
2008Travis Ford
75.8%
2009Travis Ford
75.8%
2010Travis Ford
75.8%
2011Travis Ford
75.8%
2014Trent Johnson
75.7%
2011Lon Kruger
75.7%
2015Trent Johnson
75.6%
2013Trent Johnson
75.1%
2010Fred Hoiberg
74.3%
2011Fred Hoiberg
74.3%
2004Billy Gillispie
72.8%
2005Billy Gillispie
72.8%
2006Billy Gillispie
72.8%
2011Billy Gillispie
72.8%
2017Chris Beard
72.5%
Year Coach % Correct
2017Steve Prohm
71.8%
2016Brad Underwood
70.5%
2011Frank Haith
68.9%
2016Steve Prohm
67.5%
1998Larry Eustachy
67.4%
1999Larry Eustachy
67.4%
2000Larry Eustachy
67.4%
2001Larry Eustachy
67.4%
2002Larry Eustachy
67.4%
2015Steve Prohm
67%
2016Chris Beard
66.2%
2006Doc Sadler
64.6%
2007Doc Sadler
64.6%
2007Mark Turgeon
64.6%
2008Doc Sadler
64.6%
2008Mark Turgeon
64.6%
2009Doc Sadler
64.6%
2009Mark Turgeon
64.6%
2010Doc Sadler
64.6%
2010Mark Turgeon
64.6%
1998Norm Stewart
62.9%
2017Mike Boynton
61.1%
1999Dave Bliss
56.5%
2000Dave Bliss
56.5%
2001Dave Bliss
56.5%
2002Dave Bliss
56.5%
2007Jeff Bzdelik
53.1%
2008Jeff Bzdelik
53.1%
2009Jeff Bzdelik
53.1%
2011Billy Kennedy
52.8%
2006Greg McDermott
50.8%
2007Greg McDermott
50.8%
2008Greg McDermott
50.8%
2009Greg McDermott
50.8%
2010Tad Boyle
50.3%
1998Ricardo Patton
49.4%
1999Ricardo Patton
49.4%
2000Ricardo Patton
49.4%
2001Ricardo Patton
49.4%
2002Ricardo Patton
49.4%
2003Ricardo Patton
49.4%
2004Ricardo Patton
49.4%
2005Ricardo Patton
49.4%
2006Ricardo Patton
49.4%
2012Chris Walker
42.9%
1998Danny Nee
41.8%
1999Danny Nee
41.8%
2003Wayne Morgan
38.8%
2004Wayne Morgan
38.8%
2005Wayne Morgan
38.8%
2000Barry Collier
35.4%
2001Barry Collier
35.4%
2002Barry Collier
35.4%
2003Barry Collier
35.4%
2004Barry Collier
35.4%
2005Barry Collier
35.4%
2000Jim Wooldridge
35.3%
2001Jim Wooldridge
35.3%
2002Jim Wooldridge
35.3%
2003Jim Wooldridge
35.3%
2004Jim Wooldridge
35.3%
2005Jim Wooldridge
35.3%
1998Melvin Watkins
34.9%
1999Melvin Watkins
34.9%
2000Melvin Watkins
34.9%
2001Melvin Watkins
34.9%
2002Melvin Watkins
34.9%
2003Melvin Watkins
34.9%
1998James Dickey
32.1%
1999James Dickey
32.1%
2000James Dickey
32.1%
1998Tom Asbury
28.9%
1999Tom Asbury
28.9%
1998Harry Miller
28.5%

You're not logged in!

Compare scores with friends on all Sporcle quizzes.
Join for Free
OR
Log In

You Might Also Like...

Show Comments

Extras

Top Quizzes Today


Score Distribution

Your Account Isn't Verified!

In order to create a playlist on Sporcle, you need to verify the email address you used during registration. Go to your Sporcle Settings to finish the process.

Report this User

Report this user for behavior that violates our Community Guidelines.

Details: